[Event "MNT-chT 1st League"]
[Site "Sutomore"]
[Date "2021.08.02"]
[Round "4.4"]
[White "Sukovic, Andrej"]
[Black "Babic, Drasko"]
[Result "1-0"]
[WhiteElo "2278"]
[BlackElo "2239"]
[PlyCount "70"]
[EventDate "2021.07.31"]
[EventType "team-tourn"]
[EventRounds "9"]
[EventCountry "MNE"]
[SourceTitle "EXT 2022"]
[Source "ChessBase"]
[SourceDate "2021.10.06"]
[SourceVersion "1"]
[SourceVersionDate "2021.10.06"]
[SourceQuality "1"]
[WhiteTeam "Buducnost"]
[BlackTeam "Berane"]
[WhiteTeamCountry "MNE"]
[BlackTeamCountry "MNE"]

1. e4 e5 2. Nf3 Nc6 3. Bb5 Bc5 4. 0-0 Nd4 5. Nxd4 Bxd4 6. c3 Bb6 7. d4 c6 8. Bc4 d6 9. dxe5 dxe5 10. Qxd8+ Bxd8 11. a4 Nf6 12. Nd2 0-0 13. a5 b5 14. axb6 Bxb6 15. h3 a5 16. Re1 Re8 17. Nf3 Rb8 18. Ra2 h6 19. Be3 Bc7 20. Nd2 Rd8 21. f3 Nh5 22. Nb3 Bb6 23. Bxb6 Rxb6 24. Nxa5 Nf4 25. b4 Be6 26. Kh2 Bxc4 27. Nxc4 Rbb8 28. Ra6 Rd3 29. Re3 c5 30. Rxd3 Nxd3 31. Rd6 Nf4 32. Rb6 Rxb6 33. Nxb6 cxb4 34. cxb4 Nd3 35. Nc4 Kf8 1-0

[Event "BIH-chT Seniors"]
[Site "Mosko"]
[Date "2015.08.15"]
[Round "6"]
[White "Babic, Drasko"]
[Black "Pavlovic, Dejan S"]
[Result "1/2-1/2"]
[WhiteElo "2251"]
[BlackElo "2402"]
[PlyCount "127"]
[EventDate "2015.08.10"]
[EventType "team-tourn"]
[EventRounds "9"]
[EventCountry "BIH"]
[SourceTitle "EXT 2016"]
[Source "ChessBase"]
[SourceDate "2015.10.08"]
[SourceVersion "1"]
[SourceVersionDate "2015.10.08"]
[SourceQuality "1"]

1. Nf3 d5 2. g3 Nf6 3. Bg2 c6 4. 0-0 Bg4 5. d3 Nbd7 6. Nbd2 e5 7. e4 dxe4 8. Nxe4 Nxe4 9. dxe4 Bc5 10. Qe1 0-0 11. Be3 Qb6 12. Bxc5 Qxc5 13. Qc1 Rad8 14. Nd2 Rfe8 15. Re1 Nf8 16. Nf1 Ne6 17. Ne3 Bh5 18. h4 h6 19. c3 Re7 20. b4 Qb6 21. a4 Qc7 22. a5 Bg6 23. Rd1 Red7 24. Rxd7 Qxd7 25. Nc4 f6 26. Qc2 Qd3 27. Qxd3 Rxd3 28. Rc1 Nc7 29. Bf1 Rd8 30. f3 Bf7 31. Kf2 Kf8 32. Ke3 Ke7 33. f4 exf4+ 34. gxf4 g6 35. Be2 g5 36. hxg5 hxg5 37. fxg5 fxg5 38. Ne5 Be6 39. Rh1 Kf6 40. Nf3 g4 41. Nd4 Bd7 42. Kf4 Rg8 43. Rg1 b6 44. axb6 axb6 45. Bxg4 c5 46. bxc5 bxc5 47. Nb3 Bxg4 48. Rxg4 Ne6+ 49. Kf3 Rh8 50. Rg3 Rh2 51. Ke3 Rh4 52. Rf3+ Ke7 53. Nd2 Rh1 54. Kd3 Rd1 55. Rf5 Re1 56. Nc4 Rd1+ 57. Ke2 Rh1 58. e5 Rh4 59. Ne3 Rh3 60. Nd5+ Kd7 61. Rf6 Rh5 62. Rf7+ Kc6 63. Ne7+ Kb5 64. Rf5 1/2-1/2

[Event "Srpska Republic-chT 1st League"]
[Site "Banja Vrucica"]
[Date "2014.08.09"]
[Round "1.1"]
[White "Babic, Drasko"]
[Black "Kuzmanovic, Slobodan"]
[Result "0-1"]
[WhiteElo "2282"]
[BlackElo "2123"]
[PlyCount "104"]
[EventDate "2014.08.09"]
[EventType "team-tourn"]
[EventRounds "9"]
[EventCountry "BIH"]
[SourceTitle "EXT 2016"]
[Source "ChessBase"]
[SourceDate "2015.10.08"]
[SourceVersion "1"]
[SourceVersionDate "2015.10.08"]
[SourceQuality "1"]
[WhiteTeam "Kozarska Dubica"]
[BlackTeam "Teslic Mladost"]
[WhiteTeamCountry "BIH"]
[BlackTeamCountry "BIH"]

1. e4 c5 2. Nf3 Nc6 3. Bb5 Nf6 4. e5 Nd5 5. Bxc6 dxc6 6. h3 g6 7. d3 Bg7 8. 0-0 0-0 9. Re1 Nc7 10. Be3 Ne6 11. Nc3 b6 12. Qd2 Nd4 13. Bxd4 cxd4 14. Ne4 c5 15. Qf4 Bb7 16. Rab1 Qd5 17. b3 Rad8 18. Re2 f5 19. Ned2 e6 20. a4 a6 21. Nc4 b5 22. Nb6 Qc6 23. a5 h6 24. h4 Kh7 25. Kf1 Rf7 26. Ke1 Bf8 27. Kd2 Be7 28. Ree1 Rg7 29. Rh1 Rf7 30. Rh3 Rg7 31. Ke2 Qc7 32. Rbh1 Bd5 33. Rg3 c4 34. bxc4 bxc4 35. Nd2 cxd3+ 36. cxd3 Bf6 37. Ndc4 Bxc4 38. Nxc4 Rd5 39. Qd2 Bxe5 40. Rf3 Bf6 41. g3 Rf7 42. Rb1 e5 43. h5 Bg5 44. hxg6+ Kxg6 45. Qa2 Rb5 46. Rxb5 axb5 47. Nb6 Kg7 48. g4 Qc1 49. Rxf5 Rc7 50. Kf3 Qh1+ 51. Ke2 e4 52. Qb2 Rc3 0-1

[Event "Srpska Republic-chT 1st League"]
[Site "Banja Vrucica"]
[Date "2012.08.15"]
[Round "5"]
[White "Babic, Drasko"]
[Black "Ostojic, Nikola"]
[Result "0-1"]
[WhiteElo "2296"]
[BlackElo "2439"]
[PlyCount "62"]
[EventDate "2012.08.11"]
[EventType "team-tourn"]
[EventRounds "7"]
[EventCountry "BIH"]
[SourceTitle "CBM 149 Extra"]
[Source "ChessBase"]
[SourceDate "2012.08.24"]
[SourceVersion "1"]
[SourceVersionDate "2012.08.24"]
[SourceQuality "1"]
[WhiteTeam "Dubica"]
[BlackTeam "Zvornik Drina"]
[WhiteTeamCountry "SRB"]
[BlackTeamCountry "SRB"]

1. Nf3 Nf6 2. g3 g6 3. Bg2 Bg7 4. 0-0 0-0 5. d3 c5 6. e4 Nc6 7. c3 d6 8. a3 Qc7 9. Qe2 b6 10. b4 Ba6 11. Bb2 Rad8 12. c4 Bb7 13. Nc3 e6 14. d4 cxd4 15. Nb5 Qb8 16. Nfxd4 Nxd4 17. Nxd4 Qa8 18. Rfe1 a6 19. Rac1 Rc8 20. Nc2 Rfd8 21. f3 Qb8 22. Ne3 Bc6 23. Bf1 b5 24. Qf2 h5 25. h3 bxc4 26. Nxc4 Bb5 27. Nxd6 Qxd6 28. Rxc8 Rxc8 29. e5 Qd8 30. exf6 Bxf6 31. Rc1 Bd4 0-1

[Event "Srpska Republic-chT 1st League"]
[Site "Banja Vrucica"]
[Date "2012.08.13"]
[Round "3"]
[White "Milekic, Daniel"]
[Black "Babic, Drasko"]
[Result "1/2-1/2"]
[WhiteElo "2214"]
[BlackElo "2296"]
[PlyCount "35"]
[EventDate "2012.08.11"]
[EventType "team-tourn"]
[EventRounds "7"]
[EventCountry "BIH"]
[SourceTitle "CBM 149 Extra"]
[Source "ChessBase"]
[SourceDate "2012.08.24"]
[SourceVersion "1"]
[SourceVersionDate "2012.08.24"]
[SourceQuality "1"]
[WhiteTeam "Banja Luka"]
[BlackTeam "Dubica"]
[WhiteTeamCountry "SRB"]
[BlackTeamCountry "SRB"]

1. d4 Nf6 2. c4 c6 3. Nc3 d5 4. Nf3 g6 5. Bf4 Bg7 6. e3 0-0 7. h3 a6 8. c5 Nbd7 9. Be2 Ne8 10. 0-0 Nc7 11. b4 Re8 12. Rc1 Nb5 13. a4 Nxc3 14. Rxc3 e5 15. Nxe5 Nxe5 16. Bxe5 Bxe5 17. dxe5 Rxe5 18. Qa1 1/2-1/2

[Event "CRO-chT2a"]
[Site "Croatia"]
[Date "2009.04.26"]
[Round "5"]
[White "Belamaric, Goran"]
[Black "Babic, Drasko"]
[Result "1/2-1/2"]
[WhiteElo "2240"]
[BlackElo "2282"]
[PlyCount "28"]
[EventDate "2009.04.04"]
[EventType "team-tourn"]
[EventRounds "9"]
[EventCountry "CRO"]
[SourceTitle "EXT 2010"]
[Source "ChessBase"]
[SourceDate "2010.11.25"]
[SourceVersion "1"]
[SourceVersionDate "2010.11.25"]
[SourceQuality "1"]

1. e4 c5 2. g3 Nc6 3. Bg2 e5 4. d3 d6 5. f4 exf4 6. Bxf4 Nge7 7. Nc3 Ng6 8. Be3 Be7 9. Nf3 Bf6 10. 0-0 Be6 11. Qd2 0-0 12. Ne2 Nge5 13. Nxe5 Bxe5 14. c3 Bf6 1/2-1/2

[Event "Bizovac Metalis op 13th"]
[Site "Bizovac"]
[Date "2006.02.26"]
[Round "7"]
[White "Babic, Drasko"]
[Black "Mravunac, Branko"]
[Result "1-0"]
[WhiteElo "2302"]
[BlackElo "2128"]
[PlyCount "61"]
[EventDate "2006.02.23"]
[EventType "swiss"]
[EventRounds "7"]
[EventCountry "CRO"]
[SourceTitle "CBM 110 Extra"]
[Source "ChessBase"]
[SourceDate "2006.03.10"]
[SourceVersion "2"]
[SourceVersionDate "2006.03.10"]
[SourceQuality "1"]

1. e4 b6 2. d4 e6 3. Nf3 d5 4. Bd3 Bb7 5. e5 c5 6. c3 Qd7 7. 0-0 Ba6 8. Bxa6 Nxa6 9. Bg5 h6 10. Be3 Ne7 11. Qe2 c4 12. b4 Nc7 13. a4 a5 14. b5 g5 15. Na3 Nf5 16. g4 Nxe3 17. fxe3 Bxa3 18. Rxa3 Qe7 19. Ra2 h5 20. Nd2 0-0-0 21. gxh5 Rh6 22. Nf3 Rg8 23. Kh1 Ne8 24. e4 dxe4 25. Qxe4 g4 26. Nd2 Nc7 27. Nxc4 Nd5 28. Rxf7 Qg5 29. Nxb6+ Kd8 30. Nxd5 Qc1+ 31. Kg2 1-0

[Event "Bosnjaci op-A 12th"]
[Site "Bosnjaci"]
[Date "2006.01.05"]
[Round "4"]
[White "Zivkovic, Vjekoslav"]
[Black "Babic, Drasko"]
[Result "1/2-1/2"]
[WhiteElo "2414"]
[BlackElo "2316"]
[PlyCount "96"]
[EventDate "2006.01.03"]
[EventType "swiss"]
[EventRounds "9"]
[EventCountry "CRO"]
[SourceTitle "CBM 110 Extra"]
[Source "ChessBase"]
[SourceDate "2006.03.10"]
[SourceVersion "2"]
[SourceVersionDate "2006.03.10"]
[SourceQuality "1"]

1. e4 e5 2. Nf3 Nf6 3. Nxe5 d6 4. Nf3 Nxe4 5. Bd3 Nf6 6. h3 Be7 7. c3 0-0 8. 0-0 b6 9. Bc2 Bb7 10. Re1 Re8 11. d4 Nbd7 12. Nbd2 Nf8 13. Nf1 Ng6 14. Ba4 c6 15. Ne3 Bf8 16. c4 a6 17. d5 b5 18. dxc6 Bxc6 19. cxb5 Bxf3 20. Qxf3 Qa5 21. Qd1 axb5 22. Bb3 d5 23. Bd2 Bb4 24. Bxb4 Qxb4 25. Nxd5 Nxd5 26. Rxe8+ Rxe8 27. Qxd5 Re1+ 28. Rxe1 Qxe1+ 29. Kh2 Qxf2 30. Qxb5 Qf4+ 31. Kg1 Qe3+ 32. Kf1 Qc1+ 33. Kf2 Qxb2+ 34. Qe2 Qf6+ 35. Qf3 Qb6+ 36. Ke1 Qa5+ 37. Kd1 Qa7 38. Qd5 h5 39. a4 Nf4 40. Qe4 Qg1+ 41. Kc2 Qf2+ 42. Kc3 Ne2+ 43. Kc4 Qa7 44. Kd3 Nc1+ 45. Kc3 Nxb3 46. Kxb3 Qb6+ 47. Kc4 Qa6+ 48. Kb4 Qb6+ 1/2-1/2

[Event "Bosnjaci op-A 12th"]
[Site "Bosnjaci"]
[Date "2006.01.04"]
[Round "3"]
[White "Babic, Drasko"]
[Black "Ivekovic, Mario"]
[Result "1-0"]
[WhiteElo "2316"]
[BlackElo "2330"]
[PlyCount "124"]
[EventDate "2006.01.03"]
[EventType "swiss"]
[EventRounds "9"]
[EventCountry "CRO"]
[SourceTitle "CBM 110 Extra"]
[Source "ChessBase"]
[SourceDate "2006.03.10"]
[SourceVersion "2"]
[SourceVersionDate "2006.03.10"]
[SourceQuality "1"]

1. e4 c6 2. d4 g6 3. c4 d6 4. Nc3 Bg7 5. Be2 Qb6 6. Nf3 Bg4 7. Na4 Qc7 8. 0-0 Nf6 9. h3 Bxf3 10. Bxf3 Nfd7 11. Be3 Nb6 12. Rc1 N8d7 13. b4 0-0 14. c5 Nxa4 15. Qxa4 a5 16. cxd6 exd6 17. b5 Rac8 18. bxc6 bxc6 19. e5 Nb8 20. exd6 Qxd6 21. Qxa5 Bxd4 22. Bxd4 Qxd4 23. Rfd1 Qf6 24. a4 Rfd8 25. Bg4 Rxd1+ 26. Rxd1 Re8 27. Qb6 h5 28. Bf3 Qc3 29. Rd8 Qe1+ 30. Kh2 Qe5+ 31. g3 Rxd8 32. Qxd8+ Kg7 33. a5 h4 34. Qb6 hxg3+ 35. fxg3 c5 36. a6 Nxa6 37. Qxa6 Qd4 38. Qe2 c4 39. Be4 c3 40. Bc2 Qf6 41. Kg2 Qd4 42. h4 Qf6 43. Qf3 Qd4 44. Qf4 Qd5+ 45. Qe4 Qd6 46. Kf3 f5 47. Qb7+ Kf6 48. Qa8 Kg7 49. Qa7+ Kf6 50. Qe3 Qc6+ 51. Ke2 Qc4+ 52. Qd3 Qg4+ 53. Kf2 Qb4 54. Ke3 Qe7+ 55. Kf2 Qb4 56. Qd8+ Kg7 57. Qc7+ Kf6 58. Ke3 Qe7+ 59. Qxe7+ Kxe7 60. Kd4 Kf6 61. Kxc3 Ke5 62. Kd2 f4 1-0

[Event "Bosnjaci op-A 12th"]
[Site "Bosnjaci"]
[Date "2006.01.04"]
[Round "2"]
[White "Saric, Ivan"]
[Black "Babic, Drasko"]
[Result "1-0"]
[WhiteElo "2339"]
[BlackElo "2316"]
[PlyCount "47"]
[EventDate "2006.01.03"]
[EventType "swiss"]
[EventRounds "9"]
[EventCountry "CRO"]
[SourceTitle "CBM 110 Extra"]
[Source "ChessBase"]
[SourceDate "2006.03.10"]
[SourceVersion "2"]
[SourceVersionDate "2006.03.10"]
[SourceQuality "1"]

1. e4 c5 2. Nf3 d6 3. d4 cxd4 4. Nxd4 Nf6 5. Nc3 a6 6. Be3 e6 7. f3 Nbd7 8. g4 h6 9. Qd2 Qc7 10. 0-0-0 b5 11. h4 b4 12. Na4 d5 13. Bh3 g5 14. hxg5 hxg5 15. Bxg5 dxe4 16. Kb1 Qa5 17. Bxf6 Rxh3 18. Rxh3 Qxa4 19. Rh8 Nxf6 20. Nf5 Nd7 21. Rxf8+ Kxf8 22. Qh6+ Ke8 23. Qh8+ Nf8 24. Qf6 1-0

[Event "Zadar op 12th"]
[Site "Zadar"]
[Date "2005.12.13"]
[Round "3"]
[White "Levacic, Patrick"]
[Black "Babic, Drasko"]
[Result "1/2-1/2"]
[WhiteElo "2331"]
[BlackElo "2316"]
[PlyCount "26"]
[EventDate "2005.12.12"]
[EventType "swiss"]
[EventRounds "9"]
[EventCountry "CRO"]
[SourceTitle "CBM 109 Extra"]
[Source "ChessBase"]
[SourceDate "2006.01.03"]
[SourceVersion "2"]
[SourceVersionDate "2006.01.03"]
[SourceQuality "1"]

1. e4 e5 2. Bc4 Nf6 3. d3 c6 4. Nf3 Be7 5. Bb3 0-0 6. 0-0 Qc7 7. Re1 d6 8. c3 Nbd7 9. d4 c5 10. Nbd2 b5 11. Nf1 c4 12. Bc2 Bb7 13. Ng3 Rfe8 1/2-1/2

[Event "Zadar op 12th"]
[Site "Zadar"]
[Date "2005.12.12"]
[Round "1"]
[White "Fercec, Nenad"]
[Black "Babic, Drasko"]
[Result "1/2-1/2"]
[WhiteElo "2512"]
[BlackElo "2316"]
[PlyCount "78"]
[EventDate "2005.12.12"]
[EventType "swiss"]
[EventRounds "9"]
[EventCountry "CRO"]
[SourceTitle "CBM 109 Extra"]
[Source "ChessBase"]
[SourceDate "2006.01.03"]
[SourceVersion "2"]
[SourceVersionDate "2006.01.03"]
[SourceQuality "1"]

1. e4 e5 2. Nf3 Nc6 3. Bb5 a6 4. Ba4 Nf6 5. 0-0 Be7 6. Re1 b5 7. Bb3 d6 8. c3 0-0 9. h3 Na5 10. Bc2 c5 11. d4 Qc7 12. Nbd2 Bd7 13. d5 c4 14. Nf1 h6 15. Be3 Nb7 16. g4 Nc5 17. Ng3 Rfe8 18. Kh1 Kh8 19. Rg1 a5 20. g5 Nh7 21. Nf5 g6 22. Nxe5 dxe5 23. d6 Qb7 24. Nxe7 Nxe4 25. Kh2 Nexg5 26. Rg3 Bc6 27. Qg4 Bf3 28. Qh4 Bh5 29. Bxg5 hxg5 30. Rxg5 Qf3 31. Rxe5 Rad8 32. Rae1 Rxd6 33. Nxg6+ Bxg6 34. Rxe8+ Kg7 35. Rg1 Rd2 36. Rxg6+ fxg6 37. Qe7+ Kh6 38. Qh4+ Kg7 39. Qe7+ Kh6 1/2-1/2

[Event "Omis op"]
[Site "Omis"]
[Date "2005.10.13"]
[Round "5"]
[White "Sulava, Nenad"]
[Black "Babic, Drasko"]
[Result "1-0"]
[WhiteElo "2493"]
[BlackElo "2316"]
[PlyCount "61"]
[EventDate "2005.10.10"]
[EventType "swiss"]
[EventRounds "9"]
[EventCountry "CRO"]
[SourceTitle "CBM 108 Extra"]
[Source "ChessBase"]
[SourceDate "2005.11.04"]
[SourceVersion "1"]
[SourceVersionDate "2005.11.04"]
[SourceQuality "1"]

1. Nf3 c5 2. c4 Nf6 3. Nc3 e6 4. g3 b6 5. Bg2 Bb7 6. 0-0 Be7 7. d4 cxd4 8. Qxd4 Nc6 9. Qf4 d6 10. Rd1 a6 11. b3 Qc7 12. Ba3 Rd8 13. Rac1 Qb8 14. g4 d5 15. Qxb8 Rxb8 16. Bxe7 Nxe7 17. g5 Nh5 18. cxd5 Nxd5 19. Nxd5 Bxd5 20. Ne5 Nf4 21. Bxd5 Nxd5 22. Kf1 f6 23. e4 fxe5 24. exd5 Kd7 25. dxe6+ Kxe6 26. Rc7 g6 27. b4 Rbc8 28. Rdd7 Rxc7 29. Rxc7 Kd6 30. Rb7 Kc6 31. Ra7 1-0

[Event "Omis op"]
[Site "Omis"]
[Date "2005.10.12"]
[Round "4"]
[White "Babic, Drasko"]
[Black "Martinovic, Sasa"]
[Result "1-0"]
[WhiteElo "2316"]
[BlackElo "2182"]
[PlyCount "65"]
[EventDate "2005.10.10"]
[EventType "swiss"]
[EventRounds "9"]
[EventCountry "CRO"]
[SourceTitle "CBM 108 Extra"]
[Source "ChessBase"]
[SourceDate "2005.11.04"]
[SourceVersion "1"]
[SourceVersionDate "2005.11.04"]
[SourceQuality "1"]

1. Nf3 d5 2. c4 dxc4 3. Na3 Nf6 4. Nxc4 g6 5. b3 Bg7 6. Bb2 0-0 7. g3 b6 8. Bg2 Bb7 9. 0-0 c5 10. Rc1 Nbd7 11. d4 Rc8 12. Qd3 Bh6 13. e3 b5 14. Nce5 Nxe5 15. Nxe5 Bxg2 16. Kxg2 Qd5+ 17. Kg1 cxd4 18. Qxd4 Qb7 19. Rxc8 Rxc8 20. Rd1 Bg7 21. Qf4 Qe4 22. Ba3 Qxf4 23. gxf4 e6 24. Nc6 Rxc6 25. Rd8+ Bf8 26. Bxf8 h5 27. Bc5+ Kg7 28. Bxa7 Nd5 29. Bd4+ f6 30. Rd7+ Kh6 31. h4 Ra6 32. e4 Nxf4 33. Bxf6 1-0

[Event "Umag op"]
[Site "Umag"]
[Date "2005.03.23"]
[Round "4"]
[White "Babic, Drasko"]
[Black "Jovanic, Ognjen"]
[Result "1/2-1/2"]
[WhiteElo "2307"]
[BlackElo "2477"]
[PlyCount "46"]
[EventDate "2005.03.22"]
[EventType "swiss"]
[EventRounds "9"]
[EventCountry "CRO"]
[SourceTitle "CBM 105 Extra"]
[Source "ChessBase"]
[SourceDate "2005.05.01"]
[SourceVersion "1"]
[SourceVersionDate "2005.05.01"]
[SourceQuality "1"]

1. Nf3 Nf6 2. g3 d5 3. Bg2 c5 4. 0-0 Nc6 5. d3 e5 6. c4 d4 7. b4 cxb4 8. a3 a5 9. Qa4 Bd7 10. Qb5 Bd6 11. Ng5 Ra7 12. c5 Bc7 13. Qc4 0-0 14. axb4 Nxb4 15. Bd2 Nc6 16. Na3 Ra6 17. Rfb1 Bc8 18. Nb5 h6 19. Nxc7 Qxc7 20. Ne4 Nxe4 21. Bxe4 Nd8 22. Rb6 Be6 23. Qc1 Rxb6 1/2-1/2